Normal view
MARC view
Entry Personal Name
001 - CONTROL NUMBER
- control field: 37427
003 - CONTROL NUMBER IDENTIFIER
- control field: OSt
005 - DATE AND TIME OF LATEST TRANSACTION
- control field: 20211105135944.0
008 - FIXED-LENGTH DATA ELEMENTS
- fixed length control field: 211105|| aca||aabn | a|a d
040 ## - CATALOGING SOURCE
- Original cataloging agency: OSt
- Transcribing agency: OSt
100 ## - HEADING--PERSONAL NAME
- Personal name: Lt. Ward
670 ## - SOURCE DATA FOUND
- Source citation: Work cat.: (OSt): Lt. Ward, Geographical and statistical memoir of the survey of the Travancore and Cochin States, 1863